000 00608nam a2200229 i 4500
001 bg
100 1 _aCOOKE, D. J.
245 0 _aComputer mathematics /
_cD. J. Cooke, H. E. Bez.
260 _aLondon :
_bCambridge University Press,
_c1984.
490 1 _aCambridge University Science Texts ;
_v18
650 9 _aMatematyka
650 9 _aInformatyka
700 1 _aBEZ, H. E.
830 _aCambridge University Science Texts ;
020 _a0521273242
040 _cBPK
041 _apol
080 _a51:004
920 _a0-521-27324-2
942 _cKS
008 s pl f |000 0 pol
999 _c23440
_d23440
856 _uhttp://koha.tu.koszalin.pl/cgi-bin/koha/opac-detail.pl?biblionumber=23440
_yKatalog online BPK